| 000 | 00694nam a22002055i 4500 | ||
|---|---|---|---|
| 001 | 161572 | ||
| 003 | ES-MaACL | ||
| 005 | 20230906212321.0 | ||
| 008 | 041021s1872 gw |||| | eng d | ||
| 040 |
_aCAM _bspa _cCAM |
||
| 100 | 1 |
_aPayn, James. _9130917 |
|
| 245 | 1 | 0 |
_aCecil's tryst _b: a novel / _cby the author of "Found dead". |
| 260 |
_aLeipzig : _bBernhard Tauchnitz, _c16 cm. |
||
| 300 |
_a399 p. ; _c16 cm. |
||
| 490 | 1 |
_aCollection of british authors ; _v1202 |
|
| 594 | _aEl autor de "Found Dead" es James Payn. | ||
| 830 | 0 |
_aCollection of british authors ; _v1202 _9180703 |
|
| 852 |
_aES-MaACL _jG-13105 _z-- Enc. hol. conservando la cub. original |
||
| 999 |
_c161572 _d161572 |
||